000
00294nam a22001337a 4500
082
_a
823
_b
GRA/T
100
_a
GRANT, JOHN
245
_a
MASTERS
_b
A TRAP FOR HE-MAN
260
_a
UK
_b
LADYBIRD
300
_a
43
520
_a
ENGLISH SHORT STORY
650
_a
ENGLISH SHORT STORY
_z
UK
942
_c
BK
999
_c
4906
_d
4906